00586 2200217 4500001002100000005001500021035002000036007000300056008004100059020001800100082001200118084001800130100002300148245006800171250001000239260003100249300003500280650002500315990001300340990001500353INLIS00000000000011920170911032459 a0010-0917000105ta170911 0 ind  a979-781-609-5 a297.673 a297.673 SU k0 aSudrajat Suryana A1 aKearifan Guru Bangsa :bPilar Kemerdekaan /cA.Suryana Sudrajat acet.1 aJakarta :bErlangga,c2006 a141 hlm :b.ilus ;c13 x 19 cm aIslam dan Kesastraan a1072.827 a1072.827 a